Business dynamics models : (Record no. 171806)

MARC details
000 -LEADER
fixed length control field 01265cam a2200289 i 4500
001 - CONTROL NUMBER
control field 22690650
003 - CONTROL NUMBER IDENTIFIER
control field OSt
005 - DATE AND TIME OF LATEST TRANSACTION
control field 20250520151030.0
008 - FIXED-LENGTH DATA ELEMENTS--GENERAL INFORMATION
fixed length control field 220712s2023 paua b 001 0 eng
020 ## - INTERNATIONAL STANDARD BOOK NUMBER
International Standard Book Number 9781611977301 (paperback)
040 ## - CATALOGING SOURCE
Original cataloging agency DLC
Language of cataloging eng
Description conventions rda
Transcribing agency DLC
Modifying agency NUST
050 00 - LIBRARY OF CONGRESS CALL NUMBER
Classification number HD30.25 KAS
100 1# - MAIN ENTRY--PERSONAL NAME
Personal name Kaszkurewicz, Eugenius
Relator term Author
245 10 - TITLE STATEMENT
Title Business dynamics models :
Remainder of title optimization-based one step ahead optimal control /
Statement of responsibility, etc. Eugenius Kaszkurewicz and Amit Bhaya.
260 ## - PUBLICATION, DISTRIBUTION, ETC.
Place of publication, distribution, etc. Philadelphia :
Name of publisher, distributor, etc. Society for Industrial and Applied Mathematics,
Date of publication, distribution, etc. 2023.
300 ## - PHYSICAL DESCRIPTION
Extent xxi,184 pages :
Other physical details Illustrations ;
Dimensions 25 cm.
336 ## - CONTENT TYPE
Content type term text
Content type code txt
Source rdacontent
337 ## - MEDIA TYPE
Media type term unmediated
Media type code n
Source rdamedia
338 ## - CARRIER TYPE
Carrier type term volume
Carrier type code nc
Source rdacarrier
504 ## - BIBLIOGRAPHY, ETC. NOTE
Bibliography, etc. note Includes bibliographical references and index.
650 #7 - SUBJECT ADDED ENTRY--TOPICAL TERM
Form subdivision Industrial management-- Econometric models.
650 #7 - SUBJECT ADDED ENTRY--TOPICAL TERM
Form subdivision Operations research, mathematical programming -- Research exposition (monographs, survey articles).
650 #7 - SUBJECT ADDED ENTRY--TOPICAL TERM
Form subdivision Game theory, economics, social and behavioral sciences -- Computational methods.
650 #7 - SUBJECT ADDED ENTRY--TOPICAL TERM
Form subdivision Systems theory; control -- Research exposition (monographs, survey articles).
700 1# - ADDED ENTRY--PERSONAL NAME
Personal name Bhaya, Amit
Relator term Author
942 ## - ADDED ENTRY ELEMENTS (KOHA)
Source of classification or shelving scheme Library of Congress Classification
Koha item type Ordinary Loan Books
Classification part HD30.25 KAS
Call number prefix HD
Call number suffix KAS
Suppress in OPAC No
Holdings
Withdrawn status Lost status Source of classification or shelving scheme Damaged status Not for loan Collection Home library Current library Shelving location Date acquired Source of acquisition Cost, normal purchase price Total Checkouts Full call number Barcode Date last seen Accession number Cost, replacement price Price effective from Koha item type Public note
    LCC     NFIC MAIN MAIN GEN 05/20/2025 Book Aid International 36.00   HD30.25 KAS 92004054343 05/20/2025 61563 36.00 05/20/2025 BOOKS Donation